000 00421nam a2200181Ia 4500
001 24003
005 20260414151014.0
008 260414t2023||||xx |||||||||||||| ||spa||
041 _aESP
082 _a745.50985
_bI59
100 _a\N
_eAUT
245 0 _aNacimientos "Navidad es Jesús" 2023
_b
260 _c2023
300 _a59 páginas :
_c24 cm.
650 _aABD
654 _aCAU
942 _cLIB
_dJUS
_fJUS
_2ddc
_n
999 _c24003
_d24003